[Event "Adelaide Interclub-A"]
[Site "Adelaide"]
[Date "2009.06.16"]
[Round "7.1"]
[White "Zorkovic, Ante"]
[Black "Mdinaradze, Edgar"]
[Result "0-1"]
[WhiteElo "1502"]
[BlackElo "1853"]
[PlyCount "56"]
[EventDate "2009.05.05"]
[EventType "team-tourn"]
[EventRounds "9"]
[EventCountry "AUS"]
[SourceTitle "EXT 2023"]
[Source "ChessBase"]
[SourceDate "2022.10.05"]
[SourceVersion "1"]
[SourceVersionDate "2022.10.05"]
[SourceQuality "1"]

1. e4 d6 2. f4 e5 3. Nf3 Be7 4. Bc4 Nc6 5. 0-0 Nf6 6. d3 0-0 7. f5 Na5 8. Bb5 a6 9. Ba4 b5 10. Bb3 Bb7 11. Nbd2 c5 12. a3 c4 13. Ba2 Rc8 14. Kh1 d5 15. Nxe5 dxe4 16. dxc4 Qc7 17. Ng4 bxc4 18. c3 Rcd8 19. Qe2 Rfe8 20. Nxf6+ Bxf6 21. Nxc4 Nxc4 22. Bxc4 e3 23. Bxa6 Bxa6 24. Qxa6 e2 25. Re1 Rd1 26. Be3 Rxa1 27. Qxe2 Rxe1+ 28. Qxe1 Qf4 0-1

[Event "Adelaide Interclub-A"]
[Site "Adelaide"]
[Date "2009.06.09"]
[Round "6.1"]
[White "Cloudsdale, Colin"]
[Black "Zorkovic, Ante"]
[Result "1-0"]
[WhiteElo "1928"]
[BlackElo "1502"]
[PlyCount "73"]
[EventDate "2009.05.05"]
[EventType "team-tourn"]
[EventRounds "9"]
[EventCountry "AUS"]
[SourceTitle "EXT 2023"]
[Source "ChessBase"]
[SourceDate "2022.10.05"]
[SourceVersion "1"]
[SourceVersionDate "2022.10.05"]
[SourceQuality "1"]

1. e4 c5 2. Nf3 Nc6 3. d4 cxd4 4. Nxd4 e5 5. Nb5 a6 6. Nd6+ Bxd6 7. Qxd6 Qe7 8. Qd2 Nf6 9. Nc3 0-0 10. g3 Nd4 11. Bg2 d6 12. 0-0 Bh3 13. Qd3 Be6 14. Be3 b5 15. Qd2 Qa7 16. Rad1 Rad8 17. Bxd4 exd4 18. Qxd4 Qxd4 19. Rxd4 Ng4 20. Rfd1 Ne5 21. Nd5 Bg4 22. Re1 Bf3 23. b3 Kh8 24. c3 Bxg2 25. Kxg2 Rc8 26. f4 Nc6 27. Rd3 h6 28. Red1 Rfe8 29. Kf3 Re6 30. Ne3 Rd8 31. Nf5 g5 32. Rxd6 Rdxd6 33. Rxd6 Kh7 34. Rxe6 fxe6 35. Nd4 Nd8 36. e5 Kg6 37. c4 1-0

[Event "Adelaide Interclub-A"]
[Site "Adelaide"]
[Date "2008.06.17"]
[Round "8.1"]
[White "Zorkovic, Ante"]
[Black "Kerr, Bill"]
[Result "0-1"]
[WhiteElo "1506"]
[BlackElo "1958"]
[PlyCount "40"]
[EventDate "2008.04.29"]
[EventType "team-tourn"]
[EventRounds "9"]
[EventCountry "AUS"]
[SourceTitle "EXT 2010"]
[Source "ChessBase"]
[SourceDate "2010.11.25"]
[SourceVersion "1"]
[SourceVersionDate "2010.11.25"]
[SourceQuality "1"]

1. d4 Nc6 2. c4 e5 3. d5 Nce7 4. e4 Ng6 5. Nf3 Bc5 6. a3 d6 7. h3 Nf6 8. Nc3 a6 9. b4 Ba7 10. Bg5 h6 11. Bd2 0-0 12. Qc1 Qe7 13. Bd3 Nh5 14. Ne2 f5 15. Qc2 f4 16. Neg1 Bd7 17. a4 c6 18. a5 cxd5 19. exd5 e4 20. Bxe4 Nf6 0-1

[Event "Adelaide Interclub-A"]
[Site "Adelaide"]
[Date "2008.04.29"]
[Round "1.1"]
[White "Zorkovic, Ante"]
[Black "Zulfic, Fedja"]
[Result "0-1"]
[WhiteElo "1506"]
[BlackElo "1862"]
[PlyCount "108"]
[EventDate "2008.04.29"]
[EventType "team-tourn"]
[EventRounds "9"]
[EventCountry "AUS"]
[SourceTitle "EXT 2010"]
[Source "ChessBase"]
[SourceDate "2010.11.25"]
[SourceVersion "1"]
[SourceVersionDate "2010.11.25"]
[SourceQuality "1"]

1. e4 d5 2. e5 c5 3. c3 e6 4. Nf3 Nc6 5. Bb5 Bd7 6. Bd3 Nge7 7. Bc2 Rc8 8. d3 Ng6 9. d4 cxd4 10. Bxg6 hxg6 11. Bd2 Qb6 12. Qb3 Bc5 13. 0-0 a6 14. Bf4 dxc3 15. Nxc3 Qxb3 16. axb3 Nb4 17. Na4 Ba7 18. Rac1 0-0 19. Be3 Bxe3 20. fxe3 Bxa4 21. bxa4 Nd3 22. Rb1 Rc4 23. Rfd1 Nc5 24. b3 Re4 25. Kf2 Rc8 26. Rd4 Rxd4 27. exd4 Ne4+ 28. Kg1 Rc3 29. h4 Kh7 30. Rb2 Rc1+ 31. Kh2 Kh6 32. g4 Rc3 33. Kg2 g5 34. h5 Rc1 35. b4 Nc3 36. a5 Nb5 37. Kf2 Rc4 38. Ke3 Nc3 39. Kd3 Ne4 40. Ke2 Rc6 41. Ne1 f5 42. exf6 Nxf6 43. b5 Rd6 44. Kf3 b6 45. bxa6 bxa5 46. a7 Ra6 47. Rb6 Rxa7 48. Rxe6 a4 49. Re2 Ne4 50. Ra2 Nc3 51. Ra3 Nb5 52. Re3 Nxd4+ 53. Kg3 a3 54. Re8 Kh7 0-1

[Event "Adelaide Interclub"]
[Site "Adelaide"]
[Date "2004.??.??"]
[Round "8"]
[White "Ballard, Peter"]
[Black "Zorkovic, Ante"]
[Result "1-0"]
[WhiteElo "1895"]
[BlackElo "1615"]
[PlyCount "65"]
[EventDate "2004.??.??"]
[EventType "team"]
[EventRounds "9"]
[EventCountry "AUS"]
[SourceTitle "EXT 2007"]
[Source "ChessBase"]
[SourceDate "2006.11.23"]
[SourceVersion "1"]
[SourceVersionDate "2006.11.23"]
[SourceQuality "1"]

1. e4 e5 2. Nf3 Nc6 3. d4 exd4 4. Nxd4 Bc5 5. Nb3 Bb6 6. a4 Qf6 7. Qe2 g6 8. Nc3 Nge7 9. Be3 Nb4 10. Bxb6 Qxb6 11. Qd2 a5 12. Nb5 0-0 13. c3 Na6 14. Bc4 c6 15. Nd6 Qc7 16. e5 Nd5 17. Bxd5 cxd5 18. Qxd5 Qc6 19. Qxc6 dxc6 20. Nxa5 Nc5 21. Nac4 b5 22. Nb6 Rb8 23. Nbxc8 Nd3+ 24. Kd2 Nxe5 25. Ne7+ Kh8 26. Kc2 Rfd8 27. Rhd1 Rf8 28. axb5 cxb5 29. Ra5 Ng4 30. h3 Nf6 31. Rxb5 Rxb5 32. Nxb5 Re8 33. Nc6 1-0

[Event "Adelaide Interclub"]
[Site "Adelaide"]
[Date "2004.??.??"]
[Round "1"]
[White "Kerr, Bill"]
[Black "Zorkovic, Ante"]
[Result "1-0"]
[WhiteElo "1970"]
[BlackElo "1615"]
[PlyCount "71"]
[EventDate "2004.??.??"]
[EventType "team"]
[EventRounds "9"]
[EventCountry "AUS"]
[SourceTitle "EXT 2007"]
[Source "ChessBase"]
[SourceDate "2006.11.23"]
[SourceVersion "1"]
[SourceVersionDate "2006.11.23"]
[SourceQuality "1"]

1. c4 e5 2. Nc3 c6 3. d4 Qe7 4. dxe5 Qxe5 5. Nf3 Qc7 6. g3 Bb4 7. Bg2 Nf6 8. Bf4 d6 9. a3 Bxc3+ 10. bxc3 Qa5 11. Bxd6 Qxc3+ 12. Nd2 Qd4 13. c5 Nbd7 14. Rc1 Ne5 15. Qb3 Nd5 16. Bxe5 Qxe5 17. Nc4 Qf6 18. Nd6+ Ke7 19. 0-0 Rd8 20. Bxd5 cxd5 21. Qxd5 Kf8 22. Rfd1 Qe7 23. Rb1 Rb8 24. Rb4 Be6 25. Qh5 Kg8 26. Rh4 h6 27. Rhd4 Kh7 28. e4 g6 29. Qe2 h5 30. e5 Qc7 31. Qc2 Qc6 32. Ne4 Rxd4 33. Rxd4 Bf5 34. Nf6+ Kh6 35. Qc1+ g5 36. h4 1-0